Doktor Tissot o zdraví učenců

Bibliographic Details
Main Author: Mečíř, J. (Author)
Format: Article
Language:Czech

MARC

LEADER 00000nab a2200000uu 4500
001 vtls011143710
003 SK-MaSNL
005 20260303125651.0
008 230218|1999 xo |||||||||||||||||cze|
015 |a SNBRB 
035 |a (urnnbn)urn:nbn:sk:snk:ar-008h0b 
035 |a (uuid)47ab51f4-7a12-4f3d-85c8-421fdfbe8037 
035 |a urn:nbn:sk:snk-abauwf 
040 |a SNKBUCL  |b slo  |c SNKBUCL  |e AACR2 
041 0 |a cze 
044 |a xo  |c SK 
100 1 |a Mečíř, J.  |4 aut  |9 677575 
245 1 0 |a Doktor Tissot o zdraví učenců  |c J. Mečíř 
773 0 |t Česká a slovenská psychiatrie : Časopis české psychiatrické společnosti a slovenskej psychiatrickej spoločnosti  |g Roč. 95, č. 2 (1999), s. 97-100 
954 |a odborná, vedecká literatúra cudzojazyčná (svetová)  |2 lita 
958 |a OND 
958 |a EUIPO 
958 |a article14 
999 |c 1935690  |d 1937620